UBT Library

Educating nurses : (Record no. 47327)

000 -LEADER
fixed length control field 00971cam a22003014a 4500
001 - CONTROL NUMBER
control field 15849506
005 - DATE AND TIME OF LATEST TRANSACTION
control field 20180827034232.0
008 - FIXED-LENGTH DATA ELEMENTS--GENERAL INFORMATION
fixed length control field 090803s2010 cau b 001 0 eng
010 ## - LIBRARY OF CONGRESS CONTROL NUMBER
LC control number 2009031936
015 ## - NATIONAL BIBLIOGRAPHY NUMBER
National bibliography number GBA990923
Source bnb
016 7# - NATIONAL BIBLIOGRAPHIC AGENCY CONTROL NUMBER
Record control number 101512235
Source DNLM
016 7# - NATIONAL BIBLIOGRAPHIC AGENCY CONTROL NUMBER
Record control number 015371208
Source Uk
020 ## - INTERNATIONAL STANDARD BOOK NUMBER
International Standard Book Number 9780470457962 (cloth)
020 ## - INTERNATIONAL STANDARD BOOK NUMBER
International Standard Book Number 0470457961 (cloth)
035 ## - SYSTEM CONTROL NUMBER
System control number (OCoLC)ocn429588900
040 ## - CATALOGING SOURCE
Original cataloging agency DNLM/DLC
Transcribing agency DLC
Modifying agency BTCTA
-- NLM
-- C#P
-- UBY
-- UKM
-- CDX
-- DLC
041 ## - LANGUAGE CODE
Language code of text/sound track or separate title eng
042 ## - AUTHENTICATION CODE
Authentication code pcc
080 ## - UNIVERSAL DECIMAL CLASSIFICATION NUMBER
Universal Decimal Classification number 610.73076
082 00 - DEWEY DECIMAL CLASSIFICATION NUMBER
Classification number 610.73076
Edition number 22
100 ## - Rafti
Rafti 2
101 ## - Shkurtesa
Shkurtesa INF
245 00 - TITLE STATEMENT
Title Educating nurses :
Statement of responsibility, etc Patricia Benner ... [et al.] ; foreword by Lee S. Shulman.
504 ## - BIBLIOGRAPHY, ETC. NOTE
Bibliography, etc Includes bibliographical references and index.
906 ## - LOCAL DATA ELEMENT F, LDF (RLIN)
a 7
b cbc
c orignew
d 1
e ecip
f 20
g y-gencatlg
942 ## - ADDED ENTRY ELEMENTS (KOHA)
Source of classification or shelving scheme
Item type Books
Holdings
Withdrawn status Lost status Source of classification or shelving scheme Damaged status Not for loan Collection code Permanent location Current location Shelving location Date acquired Total Checkouts Full call number Barcode Date last seen Price effective from Koha item type
          Koleksioni i përgjithshem UBT - Lipjan UBT - Lipjan Koleksioni i përgjithshem 08/27/2018   610.73076 BEN 002-3011498 08/27/2018 08/27/2018 Books
UBT Library © 2015-2024. All rights reserved University Education for Business and Technology